000 00608nam a2200193Ia 4500
005 20250508155611.0
008 008 250505s9999 xx 000 0 eng d
037 _aDissertations
040 _aFEDL
_beng
_cFEDL
041 _aeng
_2eng
084 _a491.430 7, JAI/DI
_qFEDL
100 _aJain Padam Chand
245 0 _aStudy of error pattern in hindi of class eighth (boys) of government higher secondary schools in Delhi
260 _c1968
300 _a45p.
546 _aM. Ed. Dissertation (Delhi University)
942 _cDIS
_h491.430 7, JAI/DI
999 _c1358140
_d1358140